Communal Rage in Secular India (Record no. 14353)

MARC details
000 -LEADER
fixed length control field 00612nam a2200241 a 4500
020 ## - INTERNATIONAL STANDARD BOOK NUMBER
ISBN 8179919
082 00 - DEWEY DECIMAL CLASSIFICATION NUMBER
Classification number 324.245408
Author Cutter ZAK
100 ## - MAIN ENTRY--AUTHOR NAME
Author name Zakaria, Rafiq
245 ## - TITLE STATEMENT
Title Communal Rage in Secular India
260 ## - PUBLICATION, DISTRIBUTION, ETC. (IMPRINT)
Place of publication Bombay
Name of publisher Popular Prakashan
Year of publication 2002
300 ## - PHYSICAL DESCRIPTION
Number of Pages 248p
500 ## - GENERAL NOTE
General note includes index and biblioraphy
505 2# - FORMATTED CONTENTS NOTE
Formatted contents note Index, Quranic Verses
650 ## - SUBJECT ADDED ENTRY--TOPICAL TERM
Topical Term Communalism-India
942 ## - ADDED ENTRY ELEMENTS (KOHA)
Koha item type Books
700 1# -
-- Zakaria, Rafiq
Holdings
Collection code Home library Current library Date acquired Cost, normal purchase price Full call number Accession Number Koha item type
  Henry Martyn Institute Library Henry Martyn Institute Library 10/09/2009 350.00 324.245408 ZAK 020629 Books
                   Copyright © 2026 | Henry Martyn Institute | Hyderabad | TS-500052 | INDIA | Implemented by hmi.edu.in
Hit-Count:

Powered by Koha